|
|
|
|
| LEADER |
00871cam a2200217 7i4500 |
| 001 |
0000096502 |
| 005 |
20140601090000.0 |
| 008 |
111102s2011 my may |
| 020 |
# |
0 |
|a 9789834070939
|
| 090 |
0 |
0 |
|a BP 184.3
|b .R6 2011
|
| 100 |
0 |
# |
|a Rohidzir Rais
|
| 245 |
1 |
0 |
|a Ensiklopedia solat :
|b fiqah, falsafah, sejarah, saintifik
|c Rohidzir Rais, Fuad Ismail, Mohd. Wahid Abd. Hanif ; [kata pengantar oleh Datuk Haji Md. Hashim Yahaya].
|
| 260 |
# |
# |
|a Kuala Lumpur:
|b Telaga Biru,
|c 2011.
|
| 300 |
# |
# |
|a xxvi, 470 p.:
|b ill.;
|c 30 cm..
|
| 500 |
# |
# |
|a "Kombinasi fakta hukum dan sains"--cover
|
| 590 |
# |
# |
|a Pusat Pendidikan Asas dan Liberal
|
| 650 |
0 |
0 |
|a Prayer --
|x Islam --
|x Encyclopedias
|
| 650 |
0 |
0 |
|a Islam --
|x Prayer and devotion --
|x Encyclopedias
|
| 700 |
0 |
1 |
|a Fuad Ismail
|
| 700 |
0 |
1 |
|a Mohd. Wahid Abd. Hanif
|
| 999 |
|
|
|a 1100083374
|b Book
|c Rujukan
|e KOLEKSI RUJUKAN
|